| 000 | 00612nam a2200193 a 4500 | ||
|---|---|---|---|
| 001 | 000009528 | ||
| 005 | 20200929161621.0 | ||
| 008 | 090930s1992 dr 001 0 spa d | ||
| 040 | _aDO-SdBNP | ||
| 082 |
_axxx _bM343s, 1992 |
||
| 100 | 1 |
_aMarizán, Jaime Antonio _924298 |
|
| 245 | 1 | 3 |
_aLa sublimación de la energía creadora / _cJaime Antonio Marizán. |
| 250 | _a2a ed. | ||
| 260 |
_aSanto Domingo : _bCorazón, _c1992. |
||
| 300 |
_a132 p. ; _c21 cm. |
||
| 504 | _aIncluye referencias bibliográficas [p.131-132] | ||
| 590 | _aLa biblioteca posee 3 ejemplares autografiados por el autor | ||
| 049 | _aBNPD | ||
| 999 |
_c9288 _d9288 |
||